000
00293nam a22001457a 4500
003
SGT
082
_a
658.15,BRU
100
_a
BRUNER,ROBERT F
245
_a
CASE STUDIES IN FINANCE
250
_a
4TH
260
_a
NEW DELHI
_b
TMH
_c
2004
300
_a
698
650
_a
FINANCE
942
_2
ddc
_c
BK
999
_c
9658
_d
9658